[Event "Dan MacAdam mem"]
[Site "Victoria CAN"]
[Date "2005.01.22"]
[Round "1.3"]
[White "Scoones, Dan"]
[Black "Woodward, Greg"]
[Result "1-0"]
[WhiteElo "2290"]
[BlackElo "1983"]
[PlyCount "83"]
[GameId "2160767911031456"]
[EventDate "2005.01.22"]
[EventType "swiss"]
[EventRounds "4"]
[EventCountry "CAN"]

1. Nf3 Nf6 2. c4 g6 3. Nc3 Bg7 4. e4 d6 5. d4 O-O 6. Be2 e5 7. O-O Nc6 8. d5 Ne7 9. b4 Nh5 10. c5 h6 11. Re1 f5 12. Nd2 Nf4 13. Bc4 Kh8 14. a4 Ng8 15. Bf1 fxe4 16. Ndxe4 Qh4 17. cxd6 cxd6 18. Kh1 Nh5 19. f3 Rd8 20. Be3 Bf5 21. Rc1 a6 22. Bd3 Rd7 23. g3 Qe7 24. g4 Bxe4 25. Bxe4 Nf4 26. Bxf4 exf4 27. Bf5 Be5 28. Bxd7 Qxd7 29. Qd3 Ne7 30. a5 Kg7 31. Ne4 Kf7 32. Nc5 dxc5 33. Rxe5 cxb4 34. d6 Nc6 35. Rxc6 Qxc6 36. Re7+ Kf6 37. Qd4+ Kg5 38. Re5+ Kh4 39. Qxf4 Qc1+ 40. Qxc1 Rd8 41. Qe1+ Kh3 42. Qg3# 1-0

[Event "Dan MacAdam mem"]
[Site "Victoria CAN"]
[Date "2005.01.22"]
[Round "1.5"]
[White "Martinovsky, Ian"]
[Black "Aquino, Manfrei"]
[Result "1-0"]
[WhiteElo "2236"]
[BlackElo "1939"]
[PlyCount "59"]
[GameId "2160767911031457"]
[EventDate "2005.01.22"]
[EventType "swiss"]
[EventRounds "4"]
[EventCountry "CAN"]

1. c4 f5 2. b3 e5 3. Bb2 Nc6 4. e3 d6 5. d4 e4 6. Nh3 Nf6 7. Be2 g6 8. b4 Bg7 9. Nf4 Bd7 10. Qb3 a5 11. b5 Ne7 12. a4 c6 13. Nc3 O-O 14. h4 h6 15. g3 g5 16. hxg5 hxg5 17. Nh5 Nxh5 18. Rxh5 Bf6 19. O-O-O Be8 20. Rh2 Bg6 21. Rdh1 Kf7 22. f3 exf3 23. Bxf3 Qd7 24. d5 Rh8 25. dxc6 bxc6 26. bxc6 Nxc6 27. c5+ Kg7 28. Qb5 Rxh2 29. Rxh2 Rc8 30. Rd2 1-0

[Event "Dan MacAdam mem"]
[Site "Victoria CAN"]
[Date "2005.01.22"]
[Round "1.7"]
[White "Beaudin, Jesse"]
[Black "Cannon, Farley"]
[Result "1-0"]
[WhiteElo "1737"]
[BlackElo "1322"]
[PlyCount "100"]
[GameId "2160767911031458"]
[EventDate "2005.01.22"]
[EventType "swiss"]
[EventRounds "4"]
[EventCountry "CAN"]

1. e4 g6 2. d4 Bg7 3. f4 c6 4. Nf3 d5 5. e5 Nh6 6. Bd3 Na6 7. c3 Nc7 8. O-O O-O 9. h3 f5 10. Qe1 e6 11. Qh4 Qxh4 12. Nxh4 b6 13. Be3 Ba6 14. Bxa6 Nxa6 15. Na3 Rf7 16. Nf3 Bf8 17. Nc2 Rc7 18. a4 Rb8 19. Ng5 Re7 20. Rab1 Nf7 21. Nxf7 Kxf7 22. a5 b5 23. b4 Nc7 24. Kf2 Ke8 25. g4 h6 26. Rg1 Rg7 27. Rg2 Kf7 28. Rbg1 Be7 29. Kf3 Rh8 30. Bf2 Rgg8 31. Ne1 Ne8 32. Nd3 Ng7 33. Ne1 g5 34. Nd3 Rf8 35. Be3 Ke8 36. Ke2 Rf7 37. Rf2 Rg8 38. Rf3 Rgf8 39. Rff1 Bd8 40. Rf2 Rg8 41. Rgg2 Rh8 42. Rh2 h5 43. gxh5 g4 44. hxg4 fxg4 45. Rf1 Nxh5 46. Rg2 g3 47. Kf3 Ng7 48. Kxg3 Nf5+ 49. Kf2 Bh4+ 50. Kf3 Ke7 1-0

[Event "Dan MacAdam mem"]
[Site "Victoria CAN"]
[Date "2005.01.22"]
[Round "1.8"]
[White "Wild, Joshua"]
[Black "Jones, Cliff"]
[Result "1/2-1/2"]
[WhiteElo "1317"]
[BlackElo "1714"]
[PlyCount "122"]
[GameId "2160767911031459"]
[EventDate "2005.01.22"]
[EventType "swiss"]
[EventRounds "4"]
[EventCountry "CAN"]

1. e4 c6 2. Nc3 g6 3. Bc4 Bg7 4. Nf3 h5 5. d4 Nh6 6. Be3 d6 7. h3 Nd7 8. Qd2 Nb6 9. Bb3 d5 10. exd5 Nxd5 11. Nxd5 cxd5 12. O-O-O a5 13. Ba4+ Bd7 14. Bxd7+ Qxd7 15. Ne5 Qa4 16. Kb1 Nf5 17. Rhe1 Nd6 18. Qc3 Rc8 19. Qb3 Qxb3 20. cxb3 O-O 21. Nd7 Rfd8 22. Nb6 Rc6 23. Nxd5 Nf5 24. Nc3 Nxd4 25. Bxd4 Rxd4 26. Rxd4 Bxd4 27. Nd5 Bf6 28. Nxe7+ Bxe7 29. Rxe7 b6 30. Re4 Kg7 31. Rc4 Re6 32. Kc1 Re2 33. Rc2 Re6 34. Kd2 Kf6 35. Rc3 Rd6+ 36. Rd3 Rc6 37. Rf3+ Ke7 38. Re3+ Kf6 39. Re2 Kg5 40. Kd3 Rc1 41. Rc2 Rg1 42. g3 h4 43. gxh4+ Kxh4 44. Kc4 Rg5 45. b4 b5+ 46. Kb3 a4+ 47. Kc3 Kxh3 48. b3 axb3 49. Kxb3 Rf5 50. a4 bxa4+ 51. Kxa4 Rd5 52. b5 Rd1 53. Rb2 g5 54. b6 Rd8 55. b7 Rb8 56. Ka5 g4 57. Ka6 f5 58. Ka7 Rxb7+ 59. Rxb7 f4 60. Rb4 f3 61. Kb6 g3 1/2-1/2

[Event "Dan MacAdam mem"]
[Site "Victoria CAN"]
[Date "2005.01.22"]
[Round "1.9"]
[White "Mugford, Chris"]
[Black "Breel, Kevin"]
[Result "1/2-1/2"]
[WhiteElo "1679"]
[BlackElo "1314"]
[PlyCount "148"]
[GameId "2160767911031460"]
[EventDate "2005.01.22"]
[EventType "swiss"]
[EventRounds "4"]
[EventCountry "CAN"]

1. Nf3 Nf6 2. d4 d5 3. g3 e6 4. Bg2 Be7 5. O-O O-O 6. b3 Nbd7 7. Ba3 Bxa3 8. Nxa3 c6 9. c4 Re8 10. c5 b6 11. Qc1 Bb7 12. b4 b5 13. Nc2 Qc7 14. Bh3 a5 15. a3 a4 16. Nce1 e5 17. Bxd7 Nxd7 18. dxe5 Nxe5 19. Nxe5 Rxe5 20. e3 Rae8 21. Qd1 Bc8 22. Nd3 R5e7 23. Nf4 g5 24. Nh5 Qe5 25. Qf3 Re6 26. g4 Rh6 27. h3 Ree6 28. Kg2 Qe4 29. Qxe4 Rxe4 30. Rac1 Re5 31. Ng3 f5 32. gxf5 Bxf5 33. Nxf5 Rxf5 34. Kg3 Kg7 35. Rcd1 Rhf6 36. Rd4 Kg6 37. f3 h5 38. f4 gxf4+ 39. Rfxf4 Rxf4 40. Rxf4 Rxf4 41. Kxf4 Kf6 42. h4 Ke6 43. Kg5 Ke5 44. Kxh5 Ke4 45. Kg6 Kxe3 46. h5 d4 47. h6 d3 48. h7 d2 49. h8=Q d1=Q 50. Qe8+ Kd2 51. Qxc6 Qc2+ 52. Kg5 Qc3 53. Qd5+ Kc2 54. Qa2+ Kd3 55. Kf5 Qb3 56. Qa1 Qd5+ 57. Qe5 Qb3 58. Qg3+ Kc4 59. Qf4+ Kc3 60. Qe3+ Kc4 61. Qc1+ Kd5 62. Kf6 Qf3+ 63. Kg6 Qe4+ 64. Kf7 Qe6+ 65. Kf8 Qf6+ 66. Ke8 Qe6+ 67. Kd8 Qg8+ 68. Kc7 Qf7+ 69. Kb6 Qe6+ 70. Kxb5 Qc6+ 71. Ka5 Qa8+ 72. Kb6 Qc6+ 73. Ka7 Qc7+ 74. Ka8 Qc8+ 1/2-1/2

[Event "Dan MacAdam mem"]
[Site "Victoria CAN"]
[Date "2005.01.22"]
[Round "1.10"]
[White "Kaashoek, John"]
[Black "Raymer, Evan"]
[Result "0-1"]
[WhiteElo "1498"]
[BlackElo "1639"]
[PlyCount "27"]
[GameId "2160767911031461"]
[EventDate "2005.01.22"]
[EventType "swiss"]
[EventRounds "4"]
[EventCountry "CAN"]

1. e4 c5 2. Bc4 e6 3. Nf3 Nc6 4. Nc3 Nge7 5. d4 cxd4 6. Nxd4 g6 7. Be3 a6 8. O-O Bg7 9. Qd2 O-O 10. a3 Qc7 11. Nxc6 bxc6 12. Rab1 d5 13. Bb3 d4 14. Bf4 0-1

[Event "Dan MacAdam mem"]
[Site "Victoria CAN"]
[Date "2005.01.22"]
[Round "1.11"]
[White "Churchill, Sam"]
[Black "McKay, Zachary"]
[Result "1-0"]
[WhiteElo "1620"]
[BlackElo "1176"]
[PlyCount "67"]
[GameId "2160767911031462"]
[EventDate "2005.01.22"]
[EventType "swiss"]
[EventRounds "4"]
[EventCountry "CAN"]

1. e4 d6 2. d4 Nf6 3. Nc3 g6 4. Bg5 Bg7 5. f4 O-O 6. Bxf6 exf6 7. Qd3 Nc6 8. O-O-O f5 9. e5 dxe5 10. dxe5 Be6 11. Qg3 Nd4 12. Nf3 c5 13. h4 Rc8 14. h5 f6 15. hxg6 h6 16. exf6 Rxf6 17. Ne5 Rb8 18. Rh3 b5 19. Nc6 Qb6 20. Nxb8 Qxb8 21. a3 b4 22. axb4 Qxb4 23. Qe3 Bd7 24. Rg3 Rb6 25. Qd3 Qxb2+ 26. Kd2 Qxc2+ 27. Qxc2 Nxc2 28. Kxc2 c4 29. Rxd7 Bf6 30. Bxc4+ Kf8 31. g7+ Ke8 32. Rf7 Bxg7 33. Rgxg7 Rb7 34. Rg8# 1-0

[Event "Dan MacAdam mem"]
[Site "Victoria CAN"]
[Date "2005.01.22"]
[Round "2.2"]
[White "Leblanc, Paul"]
[Black "Scoones, Dan"]
[Result "0-1"]
[WhiteElo "1876"]
[BlackElo "2290"]
[PlyCount "28"]
[GameId "2160767911031463"]
[EventDate "2005.01.22"]
[EventType "swiss"]
[EventRounds "4"]
[EventCountry "CAN"]

1. d4 Nf6 2. g3 c5 3. dxc5 e6 4. b4 a5 5. c3 axb4 6. cxb4 b6 7. Bg2 Ra7 8. Bf4 Bb7 9. Bxb7 Rxb7 10. Bd6 bxc5 11. Bxf8 Rxf8 12. bxc5 Qa5+ 13. Nd2 Rb2 14. Rb1 Qxd2+ 0-1

[Event "Dan MacAdam mem"]
[Site "Victoria CAN"]
[Date "2005.01.22"]
[Round "2.3"]
[White "Beaudin, Jesse"]
[Black "Martinovsky, Ian"]
[Result "1/2-1/2"]
[WhiteElo "1737"]
[BlackElo "2236"]
[PlyCount "154"]
[GameId "2160767911031464"]
[EventDate "2005.01.22"]
[EventType "swiss"]
[EventRounds "4"]
[EventCountry "CAN"]

1. e4 g6 2. d4 Bg7 3. f4 c6 4. Nf3 d5 5. e5 Nh6 6. Bd3 Na6 7. c3 Nc7 8. O-O O-O 9. h3 f5 10. Qe1 e6 11. Qh4 Qxh4 12. Nxh4 b6 13. Be3 Ba6 14. Bxa6 Nxa6 15. Na3 Rf7 16. Nf3 Bf8 17. Nc2 Rc7 18. a4 Rb8 19. Ng5 Re7 20. Rfb1 Nf7 21. Nxf7 Kxf7 22. a5 b5 23. b4 Nc7 24. Kf2 Ke8 25. g4 h6 26. Rg1 Rg7 27. Rg2 Kf7 28. Rag1 Be7 29. Kf3 Rh8 30. Bf2 Rgg8 31. Ne1 Ne8 32. Nd3 Ng7 33. Ne1 g5 34. Nd3 Rf8 35. Be3 Ke8 36. Ke2 Rf7 37. Rf2 Rg8 38. Rf3 Rgf8 39. Rgf1 Bd8 40. R1f2 Rg8 41. Rg2 Rh8 42. Rh2 h5 43. gxh5 g4 44. hxg4 fxg4 45. Rf1 Nxh5 46. Rg2 g3 47. Kf3 Ng7 48. Kxg3 Nf5+ 49. Kf2 Bh4+ 50. Kf3 Be7 51. Ke2 Rh3 52. Bf2 Rfh7 53. Rfg1 Kf7 54. Rg8 Bf8 55. R8g2 R7h5 56. Bg3 Bh6 57. Nf2 Nxg3+ 58. Rxg3 Rh2 59. Rg8 R5h3 60. R1g3 Rxg3 61. Rxg3 a6 62. Rh3 Rxh3 63. Nxh3 Kg6 64. Ke3 Kf5 65. Kf3 Bf8 66. Nf2 Kg6 67. Kg4 Be7 68. Nd3 Kf7 69. Kh5 Kg7 70. Nc5 Bxc5 71. bxc5 Kh7 72. Kg5 Kg7 73. f5 exf5 74. Kxf5 Kf7 75. e6+ Ke8 76. Kf4 Kf8 77. Kf5 Ke8 1/2-1/2

[Event "Dan MacAdam mem"]
[Site "Victoria CAN"]
[Date "2005.01.22"]
[Round "2.4"]
[White "Moore, Harry"]
[Black "Churchill, Sam"]
[Result "1-0"]
[WhiteElo "2277"]
[BlackElo "1620"]
[PlyCount "54"]
[GameId "2160767911031465"]
[EventDate "2005.01.22"]
[EventType "swiss"]
[EventRounds "4"]
[EventCountry "CAN"]

1. d4 Nf6 2. c4 c5 3. Nf3 cxd4 4. Nxd4 e5 5. Nb5 d5 6. cxd5 Bb4+ 7. N1c3 O-O 8. Bg5 Bc5 9. e3 a6 10. Bxf6 Qxf6 11. Na3 b5 12. Nc2 Rd8 13. Bd3 Qg5 14. O-O f5 15. Kh1 Rd6 16. f4 Qf6 17. Qf3 Ra7 18. fxe5 Qxe5 19. Bxf5 Rh6 20. Qf4 Qxf4 21. Rxf4 Bxf5 22. Rxf5 Bd6 23. h3 Re7 24. Re1 Nd7 25. Nd4 Re8 26. Ne6 Nf6 27. e4 Bc5 1-0

[Event "Dan MacAdam mem"]
[Site "Victoria CAN"]
[Date "2005.01.22"]
[Round "2.5"]
[White "Gansvind, Valeriya"]
[Black "Mugford, Chris"]
[Result "1-0"]
[WhiteElo "2308"]
[BlackElo "1679"]
[PlyCount "51"]
[GameId "2160767911031466"]
[EventDate "2005.01.22"]
[EventType "swiss"]
[EventRounds "4"]
[EventCountry "CAN"]

1. d4 d5 2. Bg5 g6 3. Nf3 Bg7 4. e3 Nd7 5. c4 c6 6. cxd5 cxd5 7. Nc3 Ngf6 8. Qb3 e6 9. Bd3 Qb6 10. Qc2 a6 11. O-O Qc6 12. Rac1 b5 13. Qe2 Qd6 14. Bxb5 axb5 15. Nxb5 Qb8 16. Rxc8+ Qxc8 17. Nd6+ Ke7 18. Nxc8+ Rhxc8 19. b3 Kf8 20. h4 Ne4 21. Qb5 Ndf6 22. Ne5 Nxg5 23. hxg5 Ne4 24. Nc6 Rxa2 25. Qb4+ Ke8 26. Qe7# 1-0

[Event "Dan MacAdam mem"]
[Site "Victoria CAN"]
[Date "2005.01.22"]
[Round "2.6"]
[White "Struthers, Matthew"]
[Black "Radic, Dejan"]
[Result "0-1"]
[WhiteElo "2016"]
[BlackElo "1302"]
[PlyCount "58"]
[GameId "2160767911031467"]
[EventDate "2005.01.22"]
[EventType "swiss"]
[EventRounds "4"]
[EventCountry "CAN"]

1. e4 c5 2. Nf3 d6 3. d4 cxd4 4. Nxd4 Nf6 5. Nc3 a6 6. f3 e5 7. Nb3 Be6 8. Bg5 Nbd7 9. Qd2 Be7 10. O-O-O b5 11. Bxf6 Nxf6 12. Kb1 Qb6 13. g4 O-O 14. h4 Bxb3 15. axb3 b4 16. Nd5 Nxd5 17. Qxd5 Rac8 18. Bc4 Rc5 19. Qd2 a5 20. g5 Kh8 21. f4 exf4 22. Qxf4 f6 23. Rhf1 Qd8 24. Qg4 fxg5 25. hxg5 Rxf1 26. Rxf1 Rxg5 27. Qe6 Re5 28. Qg4 Bg5 29. Bd5 g6 0-1

[Event "Dan MacAdam mem"]
[Site "Victoria CAN"]
[Date "2005.01.22"]
[Round "2.9"]
[White "Wu, Howard"]
[Black "Kaashoek, John"]
[Result "1-0"]
[WhiteElo "2198"]
[BlackElo "1498"]
[PlyCount "73"]
[GameId "2160767911031468"]
[EventDate "2005.01.22"]
[EventType "swiss"]
[EventRounds "4"]
[EventCountry "CAN"]

1. e4 c5 2. Nf3 e6 3. d4 Nf6 4. Nc3 cxd4 5. Nxd4 a6 6. e5 Nd5 7. Nxd5 exd5 8. Nb3 Qc7 9. Qxd5 Qxc2 10. Bc4 Bb4+ 11. Bd2 Bxd2+ 12. Nxd2 O-O 13. O-O Nc6 14. Rab1 Nb4 15. Qd6 Nc6 16. Bd3 Qa4 17. Nc4 Qb5 18. b3 Nd8 19. Bxh7+ Kxh7 20. Qxf8 Nc6 21. Qxf7 Nd4 22. Rbd1 Ne2+ 23. Kh1 Qc6 24. Qh5+ Kg8 25. Qxe2 d5 26. exd6 Bh3 27. f3 Bf5 28. Qe5 Rf8 29. Qd5+ Qxd5 30. Rxd5 Be6 31. Rd4 b5 32. Ne5 Rd8 33. d7 Kf8 34. Rfd1 Bf5 35. Nc6 Rxd7 36. Rxd7 Bxd7 37. Rxd7 1-0

[Event "Dan MacAdam mem"]
[Site "Victoria CAN"]
[Date "2005.01.22"]
[Round "2.10"]
[White "Woodward, Greg"]
[Black "Raymer, Elliot"]
[Result "1-0"]
[WhiteElo "1983"]
[BlackElo "1504"]
[PlyCount "99"]
[GameId "2160767911031469"]
[EventDate "2005.01.22"]
[EventType "swiss"]
[EventRounds "4"]
[EventCountry "CAN"]

1. d4 Nf6 2. c4 c5 3. d5 b5 4. cxb5 a6 5. b6 Qxb6 6. Nc3 d6 7. e4 g6 8. Nf3 Bg7 9. Be2 O-O 10. O-O Nbd7 11. Qc2 Ng4 12. Bg5 Re8 13. h3 Nge5 14. Nxe5 Nxe5 15. Rac1 Rb8 16. b3 f5 17. Be3 a5 18. f4 Nf7 19. exf5 Bxf5 20. Bd3 Bxd3 21. Qxd3 Qb4 22. Ne2 Qa3 23. Rc2 a4 24. Bc1 Qb4 25. Rc4 Qb5 26. bxa4 Qa6 27. Qe4 Rb4 28. Rxb4 cxb4 29. Kh1 Qxa4 30. a3 Qb3 31. axb4 e5 32. Bd2 Kf8 33. Rb1 Qa2 34. Bc3 g5 35. fxg5 Nxg5 36. Qf5+ Kg8 37. Rb2 Qa1+ 38. Kh2 Nf7 39. b5 Qd1 40. Rd2 Qa4 41. Rb2 Rb8 42. Qd3 e4 43. Qg3 Ne5 44. Nf4 Qc4 45. Ne6 Rb7 46. Bxe5 dxe5 47. Nxg7 Rxg7 48. Qxe5 Kh8 49. b6 Qa6 50. b7 1-0

[Event "Dan MacAdam mem"]
[Site "Victoria CAN"]
[Date "2005.01.22"]
[Round "2.11"]
[White "Aquino, Manfrei"]
[Black "McKay, Zachary"]
[Result "1-0"]
[WhiteElo "1838"]
[BlackElo "1176"]
[PlyCount "41"]
[GameId "2160767911031470"]
[EventDate "2005.01.22"]
[EventType "swiss"]
[EventRounds "4"]
[EventCountry "CAN"]

1. d4 Nf6 2. c4 g6 3. Nc3 Bg7 4. e4 d6 5. f3 O-O 6. Be3 e5 7. d5 Nbd7 8. Qd2 Nh5 9. g4 f5 10. gxh5 gxh5 11. Bg5 Bf6 12. h4 f4 13. Bh3 Bxg5 14. Qg2 h6 15. Be6+ Kh8 16. hxg5 hxg5 17. Rxh5+ Kg7 18. Rxg5+ Kf6 19. Rf5+ Ke7 20. Qg7+ Rf7 21. Qxf7# 1-0

[Event "Dan MacAdam mem"]
[Site "Victoria CAN"]
[Date "2005.01.23"]
[Round "3.1"]
[White "Yoos, John"]
[Black "Scoones, Dan"]
[Result "1-0"]
[WhiteElo "2390"]
[BlackElo "2290"]
[PlyCount "85"]
[GameId "2160767911031471"]
[EventDate "2005.01.22"]
[EventType "swiss"]
[EventRounds "4"]
[EventCountry "CAN"]

1. e4 e6 2. d4 d5 3. e5 c5 4. c3 Nc6 5. Nf3 Qb6 6. a3 Nh6 7. Bd3 a5 8. b3 Nf5 9. O-O cxd4 10. Bxf5 exf5 11. cxd4 Be6 12. Nc3 Be7 13. Na4 Qa7 14. Qd3 O-O 15. Rd1 Rab8 16. Bg5 Bxg5 17. Nxg5 b6 18. Nc3 Qe7 19. Nh3 Rfc8 20. Nb5 Na7 21. Nd6 Rc7 22. Nf4 g6 23. Qf3 Nc8 24. Nb5 Rd7 25. Rdc1 Qd8 26. Rc6 Qe7 27. Rc2 Kg7 28. h3 Na7 29. Nd6 Rc7 30. Rxc7 Qxc7 31. Qg3 Qe7 32. Nh5+ Kh8 33. Nf6 Nc8 34. Qh4 h5 35. Qg5 Qf8 36. Nb5 Ne7 37. Rc1 Ng8 38. Rc6 Ne7 39. Rc7 Ng8 40. Nd6 Qh6 41. Nxf7+ Bxf7 42. Rxf7 Qxg5 43. Rh7# 1-0

[Event "Dan MacAdam mem"]
[Site "Victoria CAN"]
[Date "2005.01.23"]
[Round "3.2"]
[White "Jones, Cliff"]
[Black "Gansvind, Valeriya"]
[Result "0-1"]
[WhiteElo "1714"]
[BlackElo "2308"]
[PlyCount "77"]
[GameId "2160767911031472"]
[EventDate "2005.01.22"]
[EventType "swiss"]
[EventRounds "4"]
[EventCountry "CAN"]

1. e4 c5 2. Nf3 e6 3. d3 d5 4. Nbd2 Nc6 5. g3 Be7 6. Bg2 f5 7. O-O Nf6 8. e5 Ng4 9. Re1 Qc7 10. Qe2 Nh6 11. Nf1 Nf7 12. h4 b6 13. Bf4 Bb7 14. Ne3 g6 15. Nxd5 exd5 16. e6 Nd6 17. Ng5 Nd4 18. Qe5 O-O-O 19. Nf7 Rhg8 20. Rac1 Ne8 21. Qxc7+ Nxc7 22. Bxc7 Kxc7 23. Nxd8 Rxd8 24. c3 Nb5 25. Bf1 Nd6 26. Bg2 Ne8 27. d4 c4 28. b3 b5 29. bxc4 bxc4 30. Rb1 Bc6 31. Bh3 h5 32. Re3 Kd6 33. f3 Ng7 34. Re2 Rf8 35. Kf2 Rf6 36. Rb8 Nxe6 37. Ke1 Bd8 38. Reb2 Ba5 39. Rc2 0-1

[Event "Dan MacAdam mem"]
[Site "Victoria CAN"]
[Date "2005.01.23"]
[Round "3.3"]
[White "Martinovsky, Ian"]
[Black "Raymer, Evan"]
[Result "1-0"]
[WhiteElo "2236"]
[BlackElo "1639"]
[PlyCount "43"]
[GameId "2160767911031473"]
[EventDate "2005.01.22"]
[EventType "swiss"]
[EventRounds "4"]
[EventCountry "CAN"]

1. Nf3 d5 2. c4 e6 3. g3 Nf6 4. Bg2 Be7 5. O-O O-O 6. b3 c5 7. d3 b6 8. cxd5 exd5 9. Bb2 Be6 10. Nbd2 Nbd7 11. Ng5 Qc7 12. Rc1 Rac8 13. e4 h6 14. Nxe6 fxe6 15. f4 dxe4 16. dxe4 e5 17. Nc4 Rcd8 18. Qe2 exf4 19. gxf4 b5 20. Ne3 a5 21. e5 Ne8 22. Nd5 1-0

[Event "Dan MacAdam mem"]
[Site "Victoria CAN"]
[Date "2005.01.23"]
[Round "3.4"]
[White "Moore, Harry"]
[Black "Beaudin, Jesse"]
[Result "1-0"]
[WhiteElo "2277"]
[BlackElo "1737"]
[PlyCount "57"]
[GameId "2160767911031474"]
[EventDate "2005.01.22"]
[EventType "swiss"]
[EventRounds "4"]
[EventCountry "CAN"]

1. e4 c5 2. b4 cxb4 3. Bb2 d5 4. exd5 Qxd5 5. Nf3 Nc6 6. d4 Nf6 7. a3 e5 8. Nxe5 Nxe5 9. dxe5 Qxd1+ 10. Kxd1 Ne4 11. Bb5+ Bd7 12. Bxd7+ Kxd7 13. Bd4 bxa3 14. Re1 Ng5 15. Nxa3 Ne6 16. Be3 Bb4 17. Re2 Bxa3 18. Rxa3 b6 19. f4 Rhd8 20. f5 Kc6+ 21. Kc1 Nc5 22. Bxc5 Kxc5 23. Rc3+ Kd5 24. Rc7 Rf8 25. c4+ Kd4 26. Kb2 Kd3 27. Re1 Kd2 28. Re4 a5 29. Rd7# 1-0

[Event "Dan MacAdam mem"]
[Site "Victoria CAN"]
[Date "2005.01.23"]
[Round "3.6"]
[White "Leblanc, Paul"]
[Black "Wu, Howard"]
[Result "0-1"]
[WhiteElo "1876"]
[BlackElo "2198"]
[PlyCount "58"]
[GameId "2160767911031475"]
[EventDate "2005.01.22"]
[EventType "swiss"]
[EventRounds "4"]
[EventCountry "CAN"]

1. d4 Nf6 2. g3 c5 3. d5 b5 4. a4 Qa5+ 5. Bd2 b4 6. c4 d6 7. Qc2 g6 8. e4 Bg7 9. f4 O-O 10. Bg2 Qc7 11. Nf3 Na6 12. O-O Rb8 13. Be1 b3 14. Qe2 Nxe4 15. Na3 Nf6 16. Nb5 Qb7 17. Ra3 Bf5 18. Rxb3 Qd7 19. Nh4 Bg4 20. Bf3 Bh3 21. Bg2 Bxg2 22. Kxg2 Nc7 23. Re3 Rfe8 24. Nxc7 Qxc7 25. Bc3 Qd7 26. Qc2 Ng4 27. Ref3 Bd4 28. Re1 e5 29. dxe6 Rxe6 0-1

[Event "Dan MacAdam mem"]
[Site "Victoria CAN"]
[Date "2005.01.23"]
[Round "3.7"]
[White "Churchill, Sam"]
[Black "Woodward, Greg"]
[Result "1-0"]
[WhiteElo "1620"]
[BlackElo "1983"]
[PlyCount "47"]
[GameId "2160767911031476"]
[EventDate "2005.01.22"]
[EventType "swiss"]
[EventRounds "4"]
[EventCountry "CAN"]

1. e4 d5 2. exd5 Nf6 3. d4 Bg4 4. f3 Bf5 5. Bb5+ Nbd7 6. c4 e6 7. dxe6 Bxe6 8. d5 Bf5 9. Nc3 a6 10. Bxd7+ Nxd7 11. Nge2 Qh4+ 12. Ng3 O-O-O 13. O-O Bc5+ 14. Kh1 Bd6 15. f4 Bg4 16. Qc2 h6 17. Nce4 Nf6 18. Nxd6+ Rxd6 19. f5 g6 20. fxg6 fxg6 21. Bf4 Rdd8 22. Be5 Rdf8 23. Qxg6 Rhg8 24. Bxf6 1-0

[Event "Dan MacAdam mem"]
[Site "Victoria CAN"]
[Date "2005.01.23"]
[Round "3.9"]
[White "Breel, Kevin"]
[Black "Raymer, Elliot"]
[Result "1-0"]
[WhiteElo "1314"]
[BlackElo "1504"]
[PlyCount "64"]
[GameId "2160767911031477"]
[EventDate "2005.01.22"]
[EventType "swiss"]
[EventRounds "4"]
[EventCountry "CAN"]

1. Nf3 Nf6 2. c4 d6 3. Nc3 g6 4. d4 Bg7 5. e4 c6 6. Bg5 O-O 7. Be2 Nbd7 8. O-O Qc7 9. Bd3 Re8 10. Re1 c5 11. e5 dxe5 12. dxe5 Ng4 13. Nd5 Qd8 14. e6 Nde5 15. exf7+ Kxf7 16. Nxe5+ Nxe5 17. Bf4 Nxd3 18. Qxd3 e5 19. Bg3 Bf5 20. Qf3 Kg8 21. Rad1 Qc8 22. Bh4 Bg4 23. Qg3 Bxd1 24. Rxd1 Kh8 25. Bf6 Bxf6 26. Nxf6 Re6 27. Qh4 Re7 28. Re1 Qc7 29. Nd5 Qa5 30. b4 cxb4 31. Qxe7 h6 32. Nf6 b3 1-0

[Event "Dan MacAdam mem"]
[Site "Victoria CAN"]
[Date "2005.01.23"]
[Round "4.1"]
[White "Gansvind, Valeriya"]
[Black "Yoos, John"]
[Result "0-1"]
[WhiteElo "2308"]
[BlackElo "2390"]
[PlyCount "57"]
[GameId "2160767911031478"]
[EventDate "2005.01.22"]
[EventType "swiss"]
[EventRounds "4"]
[EventCountry "CAN"]

1. d4 d5 2. Nf3 Nc6 3. Bf4 Bg4 4. c3 Bxf3 5. gxf3 e6 6. Rg1 Nge7 7. Qb3 Rb8 8. h3 Ng6 9. Bg3 Be7 10. e4 a6 11. Be2 O-O 12. Nd2 Bg5 13. Nf1 Nf4 14. Bxf4 Bxf4 15. Rg4 Bh6 16. e5 f5 17. Rg1 Qh4 18. Qc2 Ne7 19. Nd2 Ng6 20. Bf1 c5 21. Nb3 cxd4 22. cxd4 Rfc8 23. Qd1 Rc6 24. Rxg6 hxg6 25. Bd3 Be3 26. Qe2 Bxd4 27. Rd1 Bb6 28. Qf1 Qf4 29. Qe2 0-1

[Event "Dan MacAdam mem"]
[Site "Victoria CAN"]
[Date "2005.01.23"]
[Round "4.5"]
[White "Brown, Paul"]
[Black "Churchill, Sam"]
[Result "1-0"]
[WhiteElo "2236"]
[BlackElo "1620"]
[PlyCount "57"]
[GameId "2160767911031479"]
[EventDate "2005.01.22"]
[EventType "swiss"]
[EventRounds "4"]
[EventCountry "CAN"]

1. e4 Nf6 2. e5 Nd5 3. Nc3 Nb6 4. f4 d6 5. Nf3 g6 6. d4 dxe5 7. fxe5 Bg4 8. Be3 e6 9. h3 Bxf3 10. Qxf3 c6 11. Ne4 N8d7 12. Be2 Qc7 13. O-O f5 14. exf6 O-O-O 15. Ng5 Re8 16. Nf7 Rg8 17. Bf4 e5 18. dxe5 Nxf6 19. Nd6+ Bxd6 20. exd6 Qd7 21. Qd3 h5 22. Bh2 Qg7 23. a4 Nbd7 24. Bf3 Nc5 25. Qc4 Nce4 26. Bxe4 Rxe4 27. Qd3 Rge8 28. Rxf6 Qxf6 29. d7+ 1-0

[Event "Dan MacAdam mem"]
[Site "Victoria CAN"]
[Date "2005.01.23"]
[Round "4.6"]
[White "Raymer, Evan"]
[Black "Aquino, Manfrei"]
[Result "0-1"]
[WhiteElo "1639"]
[BlackElo "1838"]
[PlyCount "72"]
[GameId "2160767911031480"]
[EventDate "2005.01.22"]
[EventType "swiss"]
[EventRounds "4"]
[EventCountry "CAN"]

1. e4 e5 2. Nf3 Nc6 3. Bc4 Bc5 4. Nc3 Nf6 5. d3 d6 6. Na4 Bb6 7. Nxb6 axb6 8. a3 Be6 9. Bxe6 fxe6 10. O-O O-O 11. Ng5 Qd7 12. f4 exf4 13. Bxf4 e5 14. Be3 Ng4 15. Qe2 Nxe3 16. Qxe3 Nd4 17. Rf2 Rxf2 18. Qxf2 Rf8 19. Nf3 Qg4 20. Kh1 Rf6 21. Rf1 h5 22. c3 Ne6 23. h3 Qg6 24. Qe3 Nf4 25. Rf2 Qg3 26. d4 Nxg2 27. Rxg2 Qxh3+ 28. Rh2 Qxf3+ 29. Qxf3 Rxf3 30. Rxh5 exd4 31. cxd4 Rf4 32. Rh2 Rxe4 33. Rc2 c6 34. d5 c5 35. Rc3 Re1+ 36. Kg2 Re2+ 0-1